000 00636cab a2200193 4500
001 ABS40070
008 090401t1988 xxu||||| |||| 00| 0 eng d
035 _a(Sirsi) u21215
041 _aeng
100 _aRiane, D.
245 _aCapital cost estimating - `basis for survival`
260 _c1988
350 _a0
490 _aCost Engineer
_v26(6) 1988, 4-5(2)
520 _aThe most important part of the process for contractors in obtaining work is the estimate . This article examines some solutions for problems during this tender period.
690 _aBUILT ENVIRONMENT-BUILDING COSTS
942 _n0
948 _c04/03/1997
999 _c14239
_d14239